00269nam a2200109Ia 4500008004100000041000800041100001800049245004800067260002000115300000800135365001600143230718s9999 xx 000 0 und d aeng aSrinivasan R. aNew Indian Industry Structure & Key Players c2005bMacmillan a392 cRs.b525.00